UM Logo

Clients' preference of Spa services in Digos City/ (Record no. 2543)

MARC details
000 -LEADER
fixed length control field 00606nam a22001577a 4500
008 - FIXED-LENGTH DATA ELEMENTS--GENERAL INFORMATION
fixed length control field 160517b xxu||||| |||| 00| 0 eng d
082 ## - DEWEY DECIMAL CLASSIFICATION NUMBER
Edition number 2015
Classification number UT 0627
Item number M27
100 ## - MAIN ENTRY--PERSONAL NAME
9 (RLIN) 8406
Personal name Maglasang, Aileen Mae P.
245 ## - TITLE STATEMENT
Title Clients' preference of Spa services in Digos City/
Statement of responsibility, etc. Aileen Mae P. Maglasang, Kent Neil H. Catane and Harold C. Denuna.
260 ## - PUBLICATION, DISTRIBUTION, ETC. (IMPRINT)
Place of publication, distribution, etc. Digos City:
Name of publisher, distributor, etc. UMDC
Date of publication, distribution, etc. November 2015.
300 ## - PHYSICAL DESCRIPTION
Extent 55 pages;
Dimensions 30 cm.
650 #0 - SUBJECT ADDED ENTRY--TOPICAL TERM
9 (RLIN) 8405
Topical term or geographic name as entry element Business Administration
Form subdivision Marketing Management
General subdivision Undergraduate thesis.
700 ## - ADDED ENTRY--PERSONAL NAME
9 (RLIN) 8403
Personal name Catane, Kent Neil H.
700 ## - ADDED ENTRY--PERSONAL NAME
9 (RLIN) 8404
Personal name Denuna, Harold C.
942 ## - ADDED ENTRY ELEMENTS (KOHA)
Source of classification or shelving scheme Dewey Decimal Classification
Koha item type Undergraduate Thesis
Holdings
Withdrawn status Lost status Source of classification or shelving scheme Damaged status Not for loan Collection code Home library Current library Date acquired Total Checkouts Full call number Barcode Date last seen Price effective from Koha item type
    Dewey Decimal Classification     Undergraduate Theses UM Digos College - LIC UM Digos College - LIC 05/17/2016   UT 0627 M27 2015 UT0627 05/17/2016 05/17/2016 Undergraduate Thesis